Proposed Country Flags - Long Version - Statistics

General Stats
  • This quiz has been taken 1,570 times
    1,510 since last reset
  • The average score is 35 of 91
Answer Stats
Picture Hint Answer % Correct
(1777) United States
99%
(1870) France
92%
(1900) Australia
91%
(1964) Canada
90%
(1604) United Kingdom
89%
(2008) Belgium
84%
(1957) Ireland
82%
(1821) Mexico
82%
(1908) Brazil
81%
(2015) New Zealand
80%
(2008) Iraq
79%
(1911) Portugal
79%
(1947) Pakistan
77%
(2008) Kosovo
76%
(1997) Bosnia and Herzegovina
75%
(1990) Croatia
75%
(1995) Philippines
74%
(1949) China
73%
(1948) Israel
72%
(2011) Kyrgyzstan
72%
(c. 1838) Serbia
70%
(2007) Montenegro
67%
(2019) Myanmar
66%
(1948) North Korea
65%
(1785) Spain
62%
(1992) Czech Republic
61%
(1927) South Africa
61%
(2013) Taiwan
58%
(1906) Kuwait
56%
(1919) Estonia
51%
(c. 1980) Zimbabwe
50%
(1973) Bahamas
49%
(2006) Bolivia
49%
(2006) Luxembourg
47%
(1958) Nigeria
45%
(1970) Papua New Guinea
45%
(1921) India
44%
(1991) Kazakhstan
43%
(1962) Guyana
42%
(c. 1864) Finland
40%
(1926) Germany
38%
(1914) Iceland
37%
(1814) Norway
37%
(1822) Colombia
35%
(1998) Rwanda
35%
(1949) Malaysia
34%
(1975) Suriname)
33%
(1952) Egypt
32%
(2018) Moldova
29%
(1917) Ukraine
29%
(1995) North Macedonia
28%
(1820) Peru
27%
(1794) Hungary
24%
(1914) Cameroon
21%
(2015) Fiji
20%
(1914) Namibia
20%
(1967) Mozambique
17%
(1914) Tanzania
17%
(1925) Turkmenistan
17%
(2002) Ghana
16%
(1914) Togo
16%
(1967) Cape Verde
13%
1990 Slovenia
13%
(1918) Armenia
12%
(1963) Comoros
10%
(1967) East Timor
10%
(1967) Guinea-Bissau
10%
(1962) Jamaica
10%
(1936) Latvia
10%
(1991) Uzbekistan
10%
(1960) Democratic Republic of the Congo
9%
(1914) Samoa
9%
(1992) Tajikistan
9%
(1797) Greece
8%
(2001) Poland
8%
(1974) São Tomé and Príncipe
8%
(2009) Nepal
7%
(1995) Belarus
5%
(1917) Lithuania
5%
(c. 1915) Bulgaria
4%
(1845) Costa Rica
4%
(2004) Cyprus
4%
(1960) Ivory Coast
4%
1903 Panama
4%
(1959) Republic of the Congo
4%
(1997) Russia
4%
(1996) Angola
3%
(1976) Central African Republic
3%
(1848) Slovakia
3%
(1973) Vietnam
2%
(1924) Nauru
1%
No matching quizzes found
Score Distribution
Percent of People with Each Score
Percentile by Number Answered
Your Score History
You have not taken this quiz since the last reset